000 01124nam a22002057a 4500
005 20240823115752.0
008 s2555 th tha d
020 _a978616153603
041 _atha
050 _aAZ 370.T55 ภ671ค 2555
245 1 0 _aความภักดีแห่งศรัทธา : ระลึกในพระมหากรุณาธิคุณ 99 ภาพ 99 ความในใจจากพสกนิกรที่มีต่อพระเจ้าอยู่หัวของเรา
260 3 _aกรุงเทพฯ :
_bมิตรมายา,
_c2555
300 _a217 หน้า :
_b ภาพประกอบ ;
_c 38 ซม.
650 0 4 _aภูมิพลอดุลยเดช, พระบาทสมเด็จพระเจ้าอยู่หัว, 2470--2559 -- ภาพ
850 _aNALT
942 _cREF
997 _a47446 ฉ.147447 ฉ.2
997 _c000000000076931
998 _aนางสาวอรุณทิพย์ จันทร์ดิษฐ์
999 _c76931
_d76931